| 000 | 00339nam a2200121Ia 4500 | ||
|---|---|---|---|
| 008 | 230627s9999 xx 000 0 und d | ||
| 041 | _aeng | ||
| 082 |
_a346.0438 _bDIV |
||
| 100 | _aDivekar G. M. | ||
| 245 |
_aPractical Guide To Deeds And Documents Vol. I _bVol. 1&2 |
||
| 260 |
_aPune _bHind Law Publications _c2012 |
||
| 300 | _a2250 pgs. | ||
| 999 |
_c678229 _d678229 |
||